The International metric system (SI) (Record no. 47442)

MARC details
000 -LEADER
fixed length control field 00549nam a2200145 a 4500
008 - FIXED-LENGTH DATA ELEMENTS--GENERAL INFORMATION
fixed length control field 120416s0000 ||||||||||||||||| || u
020 ## - INTERNATIONAL STANDARD BOOK NUMBER
International Standard Book Number 0626012163
050 ## - LIBRARY OF CONGRESS CALL NUMBER
Classification number QC 91 Int
245 14 - TITLE STATEMENT
Title The International metric system (SI)
246 ## - VARYING FORM OF TITLE
Title proper/short title guide to the use of the SI in South Africa
260 ## - PUBLICATION, DISTRIBUTION, ETC.
Place of publication, distribution, etc. Pretoria
Name of publisher, distributor, etc. Bureau of South African Standards
Date of publication, distribution, etc. 1973
300 ## - PHYSICAL DESCRIPTION
Extent variant pagings : ill.
350 ## - PRICE (NR) (BK AM CF MU VM SE) [OBSOLETE]
Price 0.00
995 ## - RECOMMENDATION 995 [LOCAL, UNIMARC FRANCE]
-- 0.00
-- CBU-MAIN LIBRARY (Kitwe)
-- 1
-- 9.00
-- 1
-- DAMAGED
-- Main Library Open Access Collection
Holdings
Withdrawn status Lost status Source of classification or shelving scheme Damaged status Not for loan Home library Current library Shelving location Date acquired Total Checkouts Full call number Barcode Date last seen Price effective from Koha item type
          CBU-MAIN LIBRARY, KITWE. CBU-MAIN LIBRARY, KITWE.   11/30/2022   QC 91 Int 52038 11/30/2022 11/30/2022 MONOGRAPH